01016nam a22002897a 450000500170000000800410001702000150005802200130007304000250008604100080011104400070011908200150012624500830014126000430022430000280026749000160029565000150031165000380032665000400036470000260040470000270043070000270045771000520048494200150053699900170055195201580056820180803170415.0141107s2008 ec a gr 00010 spa d a9978045651 a13901222 aCO-BoIAVHcCO-BoIAVH aspa aec04a577.38bP200aGénero y Páramo / c editado por Galo Medina, Carmen Josse y Patricio Mena3 aQuito : bEdiciones Abya-Yala, c1999. a59 páginas : c21 cm. aPáramov2 6aPáramos. 6aComunidadesx Géneroz Ecuador. 6aComunidadesvAnálisis de género1 aMedina, Galo eeditor1 aJosse, Carmeneeditora1 aMena, Patricioeeditor2 aGrupo de Trabajo en Páramos del Ecuador (GTP) 2ddccLIBRO c19743d19743 00102ddc3240708GENERALIINV2017aBogotabBogotad2017-08-18g39000.00l0oLB-577.38 P2p008464r2017-08-18 00:00:00tEj. 1w2017-08-18xCanjeyLIBRO